Emerging Markets For Dummies. (Record no. 349194)
[ view plain ]
| 000 -LEADER | |
|---|---|
| fixed length control field | 00387 a2200157 4500 |
| 020 ## - INTERNATIONAL STANDARD BOOK NUMBER | |
| International Standard Book Number | 9780470878934 |
| 024 ## - OTHER STANDARD IDENTIFIER | |
| Standard number or code | 9780470878934 |
| 082 ## - DEWEY DECIMAL CLASSIFICATION NUMBER | |
| Classification number | 332.6 |
| 090 ## - LOCALLY ASSIGNED LC-TYPE CALL NUMBER (OCLC); LOCAL CALL NUMBER (RLIN) | |
| -- | 6855 |
| -- | 6855 |
| 100 ## - MAIN ENTRY--PERSONAL NAME | |
| Personal name | Logue,Ann C. |
| 245 ## - TITLE STATEMENT | |
| Title | Emerging Markets For Dummies. |
| Statement of responsibility, etc. | Ann C.Logue |
| 260 ## - PUBLICATION, DISTRIBUTION, ETC. | |
| Place of publication, distribution, etc. | India |
| Name of publisher, distributor, etc. | Wiley Publishing. |
| Date of publication, distribution, etc. | 2011. |
| 300 ## - PHYSICAL DESCRIPTION | |
| Extent | 334p. |
| 500 ## - GENERAL NOTE | |
| General note | Paper cover |
| 942 ## - ADDED ENTRY ELEMENTS (KOHA) | |
| Institution code [OBSOLETE] | NBS |
| Koha item type | Book |
| Call number prefix | 332.6 LOG |
| Withdrawn status | Lost status | Damaged status | Not for loan | Permanent Location | Current Location | Date acquired | Total Checkouts | Total Renewals | Full call number | Barcode | Date last seen | Date last checked out | Price effective from | Koha item type |
|---|---|---|---|---|---|---|---|---|---|---|---|---|---|---|
| Central Library (CL) | Central Library (CL) | 08/28/2013 | 1 | 3 | 332.6 LOG | NBS8937 | 07/07/2021 | 08/02/2017 | 08/28/2013 | Book |
